01734nam a2200205Ia 4500003000400000005001700004008004000021020001800061040000700079041001400086082001800100100008700118245005800205260003000263300002300293520108000316650002001396650002201416700009001438OSt20240626113056.0210210b2018 xxu||||| |||| 00| 0 eng d a9788171300099 cAL aMalayalam a894.8123 BASB aVaikom Muhammad Basheerdവൈക്കം മുഹമ്മദ് ബഷീർ  aBalyakalasakhibബാല്യകാലക്ഷി  aKottayambD C Booksc2018 a93p.bPBc21x13cm. aThe childhood romance between neighbours blossoms into passionate love during adolescence. Majeed's father was rich once, so could send him to a school in the distant town, although he was not very good at studies. Suhra's father on the other hand had trouble making both ends meet. Even then he wanted to send his daughter, who was good at studies to the school. But after her father's death, all her hopes of further studies was ruined. Majeed begs his father to sponsor Suhra's education, but he refuses. Majeed leaves home after a skirmish with his father, and wanders over distant lands for a long time before returning home. On his return, he finds that his family's former affluence is all gone, and that his beloved Suhra has married someone else. He is grief struck at the loss of love, and this is when Suhra turns up at his home. She is a shadow of her former self. The beautiful, sunshiny, vibrant Suhra of old is now a woman worn out by life, battered hard by a loveless marriage to an abusive husband. Majeed commands her, "Suhra, don't go back!" and she stays. aMalayalam Novel aMalayalam Fiction aBASHEER (Vaikom Muhammad): ബഷീർ (വൈക്കം മുഹമ്മദ്)